Letters to Karen: (Record no. 14662)

000 -LEADER
fixed length control field 00606nam a2200205 a 4500
001 - CONTROL NUMBER
control field :::00012495$&:&@@
003 - CONTROL NUMBER IDENTIFIER
control field OkBaRHE
005 - DATE AND TIME OF LATEST TRANSACTION
control field 20000607103419.0
008 - FIXED-LENGTH DATA ELEMENTS--GENERAL INFORMATION
fixed length control field s1965 j 000 0 eng u
020 ## - INTERNATIONAL STANDARD BOOK NUMBER
International Standard Book Number 0687215684
040 ## - CATALOGING SOURCE
Transcribing agency
100 1# - MAIN ENTRY--PERSONAL NAME
Personal name Shedd, Charlie W.
245 10 - TITLE STATEMENT
Title Letters to Karen:
Remainder of title on keeping love in marriage.
260 ## - PUBLICATION, DISTRIBUTION, ETC. (IMPRINT)
Place of publication, distribution, etc Nashville, TN., :
Name of publisher, distributor, etc Abingdon Press
Date of publication, distribution, etc c1965
300 ## - PHYSICAL DESCRIPTION
Extent 159 p. ;
Dimensions 21 cm.
650 ## - SUBJECT ADDED ENTRY--TOPICAL TERM
Topical term or geographic name as entry element Marriage
700 ## - ADDED ENTRY--PERSONAL NAME
Personal name Shedd, Karen.
942 ## - ADDED ENTRY ELEMENTS (KOHA)
Source of classification or shelving scheme
Koha item type Books
Copies
Shelving location Source of classification or shelving scheme Damaged status Price effective from Not for loan Withdrawn status Permanent Location Date last seen Full call number Date acquired Copy number Koha item type Barcode Lost status
General Stacks  2010-04-14  RHEMA Bible Training College2010-04-14HQ 734 .S5352010-04-141Books12495